Vocablos de origen Náhuatl de uso corriente en México (Español - Spanish) - Estadísticas

Estadísticas generales
  • Esta prueba ha sido intentada 135 veces
  • La puntuación promedio es 10 de 24
Estadísticas de respuestas
Hint Respuesta % Correcto
Cometa de papel, barrilete en algunos países papalote
86%
Maní cacahuate
81%
Pavo doméstico en México guajolote
81%
Mercado, mercadillo tradicional en México tianguis
73%
Pajilla, bombilla, sorbete, tubo o caña para absorber un bebida popote
69%
Mortero fabricado con piedra volcánica para triturar alimentos en la cocina molcajete
66%
Césped, hierba, pasto, forraje, también estropajo para lavar la vajilla zacate
59%
Marmosa o Zarigüeya, único marsupial mexicano tlacuache
52%
Estera, esterilla o alfombra tejida utilizada para recostarse petate
47%
Provisión de comida que se lleva en un bulto, también tortilla gruesa itacate
44%
Cuerda o soga originalmente fabricada con las fibras del maguey mecate
41%
Lugar donde se venden pinturas, herramientas y materiales en general, ferretería tlapalería
37%
Larvas de hormigas comestibles escamoles
33%
Palo de la mazorca o maíz olote
28%
Sistema de cultivo mesoaméricano, compuesto principalmente de maíz, frijol calabaza y en ocasiones de chiles (ajíes) milpa
22%
Vivienda de los pobres, casas hechas de adobe o materiales orgánicos, con techos generalmente de paja o tejamanil jacal
21%
De origen para indicar un vocerío, problema o tumulto, aplicado generalmente a reuniones, celebración o fiesta mitote
21%
Especie de jaula hecha con varillas de madera que se usa para transportar loza, frutas, etc huacal
20%
Canasta de mimbre en general, usualmente para colocar las tortillas chiquihuite
18%
Pequeña vasija empleada para beber en ella jícara
18%
Trozo o fragmento de un recipiente de barro tepalcate
18%
Baúl hecho de cuero, que se utilizaba para trasladar ropa y otras cosas en animales de carga, maleta. petaca
16%
Sandalia o huarache, por extensión cualquier tipo de calzado cacle
15%
Tipo de escarabajo negro presente en el norte de México pinacate
14%
No se encontraron pruebas coincidentes
Distribución de puntuación
Porcentaje de gente con cada puntuación
Porcentaje por número respondido
Historial de tus puntuaciones
No has intentado esta prueba.